| 000 | 00820nam a22002297a 4500 | ||
|---|---|---|---|
| 999 |
_c16370 _d16370 |
||
| 003 | AR-CdUCM | ||
| 008 | 190503b ||||| |||| 00| 0 spa d | ||
| 040 |
_aMUNICIPALIDAD PROVINCIAL DEL CUSCO _cBIBLIOTECA MUNICIPAL DEL CUSCO |
||
| 041 | _heng. | ||
| 082 |
_a335.4 / _bL89 |
||
| 100 |
_aLowenthal, Richard _935776 |
||
| 245 |
_aEl mundo comunista : _bUna fe que se derrumba / |
||
| 260 |
_aArgentina : _bTroquel, _c1965. |
||
| 300 |
_a259 paginas ; _c22 cm. |
||
| 505 | _aContenido :La rehabilitación de Tito --Tres caminos hacia el socialismo --La primera crisis ideológica --La jugada de Tito con Khrushchev ... | ||
| 650 |
_aComunismo _9495 |
||
| 650 |
_aChino _935777 |
||
| 650 |
_aInternacional _94041 |
||
| 700 |
_aLuis Echavarri (traducción) _935778 |
||
| 942 |
_2ddc _cLIBROS |
||
| 945 |
_arjall _d2019-05-03 |
||